• 首页
  • 本馆介绍
  • 公告通知
  • 最新文献
  • 馆藏检索
  • 电子资源
  • 读者导购
  • 参考咨询
  • 我的图书馆
  • 登录
  • 详细信息显示
  • 放入我的书架
  • 预约/预借图书
  • 作者相关作品
  • 分类相关作品
  • 丛书相关作品
  • 出版社相关作品

书目信息

  • 表格格式
  • 工作单格式
  • 卡片格式
题名:
《帝国主义是资本主义的最高阶段》王唯真译本考
    
 
作者: 李婷 著
分册:  
出版信息: 沈阳   辽宁人民出版社  2021.2
页数: 268
开本: 23cm
丛书名: 马克思主义经典文献传播通考
单 册:
中图分类: A821.64
科图分类:
主题词: 《帝国主义论》--列宁著作研究
电子资源:
ISBN: 978-7-205-10168-8
000 01256oam2 2200265 450
001 2021040527
005 20210325115326.0
010    @a978-7-205-10168-8@b精装@dCNY99.00
100    @a20210325d2021 em y0chiy0110 ea
101 0  @achi
102    @aCN@b210000
105    @ay z 000yy
106    @ar
200 1  @a《帝国主义是资本主义的最高阶段》王唯真译本考@9《 di guo zhu yi shi zi ben zhu yi de zui gao jie duan 》 wang wei zhen yi ben kao@f李婷著
210    @a沈阳@c辽宁人民出版社@d2021.2
215    @a268@d23cm
225 2  @a马克思主义经典文献传播通考
330    @a本书是“马克思主义经典文献传播通考”丛书的其中一部。《帝国主义论》是列宁1916年初开始写作而于1916年4月出版的。在《帝国主义论》中列宁总结了《资本论》出版后资本主义近半个世纪的发展情况,全面地、透彻地分析了帝国主义的矛盾、特征与本质,提示了帝国主义产生、发展和必然灭亡的规律,把马克思主义的经济理论发展到了一个新的阶段。本书考证了王唯真译本的翻译背景,译者的生平简介,以及该译本的编译情况,并对其中的主要术语、核心观点进行校释。
461  0 @12001 @a马克思主义经典文献传播通考
606 0  @a《帝国主义论》@x列宁著作研究
690    @aA821.64@v5
701  0 @a李婷@9li ting@4著
801  0 @aCN@b91CIP@c20210325
801  0 @aCN@bBJXHZP@c20230228
905    @b1407775-9@dA821.64@e46@f5
    
    《帝国主义是资本主义的最高阶段》王唯真译本考/李婷著.-沈阳:辽宁人民出版社,2021.2
    268;23cm.-(马克思主义经典文献传播通考)
    
    
    ISBN 978-7-205-10168-8(精装):CNY99.00
    本书是“马克思主义经典文献传播通考”丛书的其中一部。《帝国主义论》是列宁1916年初开始写作而于1916年4月出版的。在《帝国主义论》中列宁总结了《资本论》出版后资本主义近半个世纪的发展情况,全面地、透彻地分析了帝国主义的矛盾、特征与本质,提示了帝国主义产生、发展和必然灭亡的规律,把马克思主义的经济理论发展到了一个新的阶段。本书考证了王唯真译本的翻译背景,译者的生平简介,以及该译本的编译情况,并对其中的主要术语、核心观点进行校释。
●
相关链接 在E读中查询图书 在五车中查询图书 在当当中查询图书 在豆瓣中查询图书


正题名:《帝国主义是资本主义的最高阶段》王唯真译本考     索取号:A821.64/46         预约/预借

序号 登录号 条形码 馆藏地/架位号 状态 备注
1 1407775   214077755   第一样本阅览室/ [索取号:A821.64/46] 在馆    
2 1407776   214077764   第一借阅区/ [索取号:A821.64/46] 在馆    
3 1407777   214077773   第一借阅区/ [索取号:A821.64/46] 在馆    
4 1407778   214077782   第一借阅区/ [索取号:A821.64/46] 在馆    
5 1407779   214077791   第一借阅区/ [索取号:A821.64/46] 在馆    
唐山师范学院图书馆 欢迎您!
大连网信软件有限公司© 版权所有